| 000 | 01040nmm a2200301 a 4500 | ||
|---|---|---|---|
| 001 | ocm000955186 | ||
| 003 | TR-IsHL | ||
| 005 | 20201028150130.0 | ||
| 008 | 150129s2012 tu tur | ||
| 007 | cr cn | ||
| 020 | _a9786056280085 | ||
| 035 |
_a955186 _b(N$T) |
||
| 050 | 0 | 4 |
_aBT736.4 _b.T6 2012 |
| 090 | 0 | 4 |
_aBT736.4 _b.T6 2012 |
| 100 | 1 | _aTolstoy, Leo Nikolayeviç | |
| 245 | 1 | 0 |
_aAşkın yasası & şiddetin yasası _h[electronic resource] / _cLeo Nikolayeviç Tolstoy ; çev. Pelin Arda |
| 260 |
_aİstanbul : _bDedalus Kitap, _c2012 |
||
| 300 | _a111 p. | ||
| 650 | 4 | _aFelsefe, Psikoloji ve Din | |
| 650 | 4 | _aPhilosophy, Psychology and Religion | |
| 650 | 0 |
_aPasifizm _x Ahlaki ve etik yönleri |
|
| 650 | 0 |
_aPacifism _x Moral and ethical aspects |
|
| 650 | 0 | _aHükümete karşı direnme | |
| 650 | 0 | _aGovernment, Resistance to | |
| 650 | 7 |
_aPOLITICAL SCIENCE / Peace _2bisacsh |
|
| 700 | 1 | _aArda, Pelin | |
| 856 | 4 | 0 | _uhttp://search.ebscohost.com/login.aspx?direct=true&scope=site&db=e011xww&AN=955186 |
| 999 |
_c10311 _d10311 |
||